| 000 | 00665cam a2200217 i 4500 | ||
|---|---|---|---|
| 999 |
_c1698 _d1698 |
||
| 001 | 15573 | ||
| 003 | BD-DhUAP | ||
| 005 | 20200212115341.0 | ||
| 008 | 200212s2010 bg 000 0 eng | ||
| 020 | _a9789843322975 | ||
| 040 |
_aDLC _beng _cDLC _erda _dBD-DhUAP |
||
| 082 |
_223 _a347.5492075 HAQ |
||
| 100 | 1 | _aHaque, Mohammad Hamidul. | |
| 245 | 1 | 0 |
_aTrial of civil suits and criminal cases / _cMohammad Hamidul Haque. |
| 264 | 1 |
_aDhaka : _bJustice Mohammad Hamidul Haque, _cc2010. |
|
| 300 |
_axviii, 329 pages ; _c25 cm |
||
| 650 | 0 |
_aTrial practice _zBangladesh. |
|
| 650 | 0 |
_aProcedure (Law) _zBangladesh. |
|
| 650 | 0 |
_aTrials _zBangladesh. |
|
| 942 |
_2ddc _cBK |
||